Retail buildings (Record no. 115518)

MARC details
000 -LEADER
fixed length control field 01264cam a22002655a 4500
001 - CONTROL NUMBER
control field L158818
008 - FIXED-LENGTH DATA ELEMENTS--GENERAL INFORMATION
fixed length control field 150730s2010 xxk f 000 0 eng d
020 ## - INTERNATIONAL STANDARD BOOK NUMBER
International Standard Book Number 9780977858750
035 ## - SYSTEM CONTROL NUMBER
System control number (Sirsi) u158818
041 0# - LANGUAGE CODE
Language code of text/sound track or separate title eng
050 04 - LIBRARY OF CONGRESS CALL NUMBER
Classification number F692.3
110 2# - MAIN ENTRY--CORPORATE NAME
Corporate name or jurisdiction name as entry element Building Owners and Managers Association International
9 (RLIN) 6157
245 00 - TITLE STATEMENT
Title Retail buildings
Remainder of title Standard methods of measurement
260 ## - PUBLICATION, DISTRIBUTION, ETC.
Place of publication, distribution, etc. Washington DC
Name of publisher, distributor, etc. BOMA
Date of publication, distribution, etc. 2010
300 ## - PHYSICAL DESCRIPTION
Extent iv, 32p ; 27cm
520 ## - SUMMARY, ETC.
Summary, etc. This standard is intended to measure retail buildings. Outlines three measurement methods. Construction gross areas (CGA) measures an area for estimating construction costs or for valuation using the replacement value approach. Exterior gross area (EGA) measures gross leasable area, common area, parking and non-leasable and its key use is for calculating rent and common area service charges and is sometimes referred to as gross building area. Gross leasable area (GLA) measures the total enclosed floor area designed for the exclusive use of an occupant.
590 ## - LOCAL NOTE (RLIN)
Local note KA
650 24 - SUBJECT ADDED ENTRY--TOPICAL TERM
Topical term or geographic name entry element STANDARDS METHODS OF MEASUREMENT
650 24 - SUBJECT ADDED ENTRY--TOPICAL TERM
Topical term or geographic name entry element SHOPS
650 24 - SUBJECT ADDED ENTRY--TOPICAL TERM
Topical term or geographic name entry element RETAIL
651 #4 - SUBJECT ADDED ENTRY--GEOGRAPHIC NAME
Geographic name United States
690 ## - LOCAL SUBJECT ADDED ENTRY--TOPICAL TERM (OCLC, RLIN)
Topical term or geographic name as entry element Measurement
9 (RLIN) 6256
690 ## - LOCAL SUBJECT ADDED ENTRY--TOPICAL TERM (OCLC, RLIN)
Topical term or geographic name as entry element Commercial property
9 (RLIN) 6227
942 ## - ADDED ENTRY ELEMENTS (KOHA)
Suppress in OPAC 0
Holdings
Withdrawn status Lost status Source of classification or shelving scheme Damaged status Not for loan Home library Current library Shelving location Date acquired Total Checkouts Full call number Barcode Date last seen Copy number Price effective from Koha item type
    Dewey Decimal Classification     London London Folio 30/07/2015   F692.3 BOM 30078977 06/08/2019 1 06/08/2019 Book